00462nam a2200205Ia 4500003000900000008004100009040001300050040001300063041000800076100001400084100000800098245003500106250001100141260002100152260000900173300001100182300001000193490004700203490000600250IT-RoPAU120407s9999 xx 000 0 und d aIT-RoPAU cIT-RoPAU aita aAmbrosius csan aInni. Trad. di Bonato Antonio. aMilano aEdizioni Paoline c1992 a379 p. c20 cm aLetture cristiane del primo millennio, 12 v1